[Event "2021 US Open 4-Day Schedule"]
[Site "Crowne Plaza Cherry Hill, United States"]
[Date "????.??.??"]
[Round "5.1"]
[White "Jacobson, Brandon"]
[Black "Gareyev, Timur"]
[Result "1/2-1/2"]
[TimeControl "G/60;d5"]
[WhiteTitle "GM"]
[WhiteElo "2596"]
[BlackElo "2692"]

1. Nf3 {[%clk 00:59:20]} c5 {[%clk 00:58:58]} {[%emt 00:01:09]} 2. c4 {[%clk
00:59:15]} Nf6 {[%clk 00:56:54]} {[%emt 00:03:16]} 3. Nc3 {[%clk 00:59:05]} b6
{[%clk 00:56:03]} 4. e4 {[%clk 00:56:16]} {[%emt 00:03:20]} Bb7 {[%clk
00:56:03]} 5. e5 {[%clk 00:53:51]} {[%emt 00:02:10]} Ng8 {[%clk 00:55:35]}
{[%emt 00:01:23]} 6. d4 {[%clk 00:51:30]} {[%emt 00:01:35]} cxd4 {[%clk
00:55:15]} {[%emt 00:00:15]} 7. Nxd4 {[%clk 00:51:29]} {[%emt 00:00:17]} Nc6
{[%clk 00:55:06]} {[%emt 00:00:09]} 8. Nf3 {[%clk 00:49:58]} {[%emt 00:01:29]}
e6 {[%clk 00:54:52]} {[%emt 00:00:22]} 9. Bf4 {[%clk 00:47:41]} {[%emt
00:02:21]} Bb4 {[%clk 00:51:57]} {[%emt 00:02:59]} 10. Rc1 {[%clk 00:39:17]}
{[%emt 00:08:31]} Nge7 {[%clk 00:51:17]} {[%emt 00:00:49]} 11. Bd3 {[%clk
00:38:17]} {[%emt 00:02:06]} Qc7 {[%clk 00:50:33]} 12. O-O {[%clk 00:35:31]}
{[%emt 00:02:49]} Bxc3 {[%clk 00:50:33]} 13. Rxc3 {[%clk 00:35:31]} f5 {[%clk
00:49:36]} {[%emt 00:00:53]} 14. exf6 {[%clk 00:34:28]} {[%emt 00:01:20]} Qxf4
{[%clk 00:47:45]} {[%emt 00:01:43]} 15. fxe7 {[%clk 00:34:28]} {[%emt
00:00:23]} Nxe7 {[%clk 00:47:31]} {[%emt 00:00:04]} 16. Be2 {[%clk 00:34:27]}
{[%emt 00:00:08]} Nf5 {[%clk 00:46:25]} {[%emt 00:02:14]} 17. Re1 {[%clk
00:32:45]} {[%emt 00:00:43]} Rd8 {[%clk 00:30:31]} {[%emt 00:16:01]} 18. Ne5
{[%clk 00:30:39]} {[%emt 00:03:22]} O-O {[%clk 00:29:55]} 19. Bf3 {[%clk
00:30:39]} d6 {[%clk 00:27:44]} {[%emt 00:02:13]} 20. Nd3 {[%clk 00:28:08]}
{[%emt 00:02:05]} Bxf3 {[%clk 00:26:51]} {[%emt 00:01:14]} 21. Nxf4 {[%clk
00:28:08]} Bxd1 {[%clk 00:26:51]} 22. Rxd1 {[%clk 00:28:08]} {[%emt 00:00:12]}
Kf7 {[%clk 00:25:18]} {[%emt 00:01:22]} 23. Rh3 {[%clk 00:24:04]} {[%emt
00:04:10]} h6 {[%clk 00:19:30]} {[%emt 00:05:52]} 24. g4 {[%clk 00:15:06]}
{[%emt 00:09:28]} Ne7 {[%clk 00:18:32]} {[%emt 00:00:47]} 25. Rhd3 {[%clk
00:15:06]} e5 {[%clk 00:14:39]} {[%emt 00:04:22]} 26. Nh5 {[%clk 00:15:06]} g6
{[%clk 00:13:31]} {[%emt 00:00:46]} 27. Ng3 {[%clk 00:14:05]} {[%emt 00:01:04]}
Ke6 {[%clk 00:12:59]} {[%emt 00:00:47]} 28. Ne4 {[%clk 00:12:17]} {[%emt
00:02:31]} d5 {[%clk 00:11:16]} {[%emt 00:01:12]} 29. cxd5+ {[%clk 00:09:38]}
{[%emt 00:02:43]} Rxd5 {[%clk 00:11:15]} 30. Rxd5 {[%clk 00:09:26]} {[%emt
00:00:26]} Nxd5 {[%clk 00:11:15]} 31. Rd3 {[%clk 00:09:26]} Rc8 {[%clk
00:10:28]} {[%emt 00:00:51]} 32. Rd2 {[%clk 00:08:15]} {[%emt 00:01:37]} Rc1+
{[%clk 00:05:04]} {[%emt 00:05:03]} 33. Kg2 {[%clk 00:08:15]} {[%emt 00:01:12]}
Nf4+ {[%clk 00:04:58]} 34. Kf3 {[%clk 00:08:14]} Rh1 {[%clk 00:04:42]} 35. Kg3
{[%clk 00:07:47]} {[%emt 00:00:03]} Rg1+ {[%clk 00:04:27]} {[%emt 00:00:18]} 36.
Kf3 {[%clk 00:07:47]} {[%emt 00:00:47]} Rh1 {[%clk 00:03:39]} {[%emt 00:00:50]}
37. Kg3 {[%clk 00:07:47]} 1/2-1/2

[Event "2021 US Open 4-Day Schedule"]
[Site "Crowne Plaza Cherry Hill, United States"]
[Date "????.??.??"]
[Round "5.2"]
[White "Hungaski, Robert"]
[Black "Niemann, Hans"]
[Result "0-1"]
[TimeControl "G/60;d5"]
[WhiteTitle "GM"]
[BlackTitle "GM"]
[WhiteElo "2595"]
[BlackElo "2648"]

1. e4 {[%clk 00:54:29]} e5 {[%clk 00:59:58]} {[%emt 00:00:19]} 2. Nf3 {[%clk
00:54:28]} Nc6 {[%clk 00:59:58]} 3. Bc4 {[%clk 00:54:28]} {[%emt 00:00:08]} Nf6
{[%clk 00:58:40]} {[%emt 00:01:34]} 4. Ng5 {[%clk 00:54:26]} d5 {[%clk
00:58:39]} 5. exd5 {[%clk 00:54:25]} {[%emt 00:00:17]} Na5 {[%clk 00:58:39]} 6.
Bb5+ {[%clk 00:54:23]} c6 {[%clk 00:58:39]} {[%emt 00:00:07]} 7. dxc6 {[%clk
00:54:21]} {[%emt 00:00:07]} bxc6 {[%clk 00:58:39]} 8. Bd3 {[%clk 00:54:20]}
{[%emt 00:00:11]} Nd5 {[%clk 00:57:45]} {[%emt 00:01:03]} 9. Nf3 {[%clk
00:54:11]} {[%emt 00:00:28]} Bd6 {[%clk 00:57:39]} 10. O-O {[%clk 00:53:57]}
{[%emt 00:00:32]} O-O {[%clk 00:57:39]} 11. Re1 {[%clk 00:53:47]} Nb4 {[%clk
00:56:52]} {[%emt 00:00:45]} 12. Nc3 {[%clk 00:47:46]} {[%emt 00:06:16]} Nxd3
{[%clk 00:56:52]} 13. cxd3 {[%clk 00:47:45]} {[%emt 00:00:04]} Bg4 {[%clk
00:55:41]} {[%emt 00:01:49]} 14. h3 {[%clk 00:46:06]} {[%emt 00:01:08]} Bh5
{[%emt 00:02:05]} 15. Ne4 {[%emt 00:02:37]} Re8 {[%emt 00:00:39]} 16. b3 c5
{[%clk 00:53:06]} 17. Ba3 {[%clk 00:40:17]} f5 {[%clk 00:47:08]} {[%emt
00:16:39]} 18. Ng3 {[%clk 00:32:18]} {[%emt 00:01:09]} Bg6 {[%clk 00:47:02]}
{[%emt 00:00:07]} 19. Rc1 {[%clk 00:30:53]} {[%emt 00:01:28]} Rc8 {[%clk
00:47:01]} {[%emt 00:00:18]} 20. d4 {[%clk 00:24:29]} {[%emt 00:06:17]} e4
{[%clk 00:45:31]} {[%emt 00:01:53]} 21. Ne5 {[%clk 00:23:22]} {[%emt 00:00:57]}
Bxe5 {[%clk 00:45:20]} {[%emt 00:00:12]} 22. dxe5 {[%clk 00:23:22]} {[%emt
00:00:42]} Nc6 {[%clk 00:44:47]} {[%emt 00:00:23]} 23. Rxc5 {[%clk 00:14:18]}
{[%emt 00:08:49]} Nxe5 {[%clk 00:44:44]} {[%emt 00:00:10]} 24. Rxc8 {[%clk
00:04:16]} {[%emt 00:10:38]} Qxc8 {[%clk 00:44:44]} 25. Qc1 {[%clk 00:04:04]}
Qd7 {[%clk 00:44:44]} 26. Qc3 {[%clk 00:02:10]} {[%emt 00:01:53]} Nd3 {[%clk
00:44:42]} {[%emt 00:00:03]} 27. Ra1 {[%clk 00:01:32]} {[%emt 00:00:42]} Rc8
{[%clk 00:39:39]} {[%emt 00:05:20]} 28. Qa5 {[%clk 00:01:32]} f4 {[%clk
00:39:35]} 29. Nf1 {[%clk 00:01:27]} {[%emt 00:00:44]} Qd4 {[%clk 00:38:52]}
{[%emt 00:00:51]} 30. Qa6 {[%clk 00:00:40]} {[%emt 00:00:11]} Bf5 {[%clk
00:38:24]} {[%emt 00:00:37]} 31. Qd6 {[%clk 00:00:25]} {[%emt 00:00:15]} Qxa1
{[%clk 00:37:32]} {[%emt 00:01:50]} 32. Qd5+ {[%clk 00:00:25]} Kh8 {[%clk
00:37:32]} 33. Qxf5 {[%clk 00:00:25]} Re8 {[%clk 00:37:28]} 34. Qf7 {[%clk
00:00:04]} Rg8 {[%clk 00:37:28]} 35. Qxa7 {[%clk 00:00:01]} {[%emt 00:00:08]}
Qe1 {[%clk 00:37:14]} {[%emt 00:00:31]} 36. Bc5 {[%clk 00:00:01]} Nc1 {[%clk
00:36:57]} {[%emt 00:00:11]} 37. Bd4 {[%clk 00:00:01]} {[%emt 00:01:20]} Ne2+
{[%clk 00:36:57]} 38. Kh2 {[%clk 00:00:01]} Nxd4 {[%clk 00:36:57]} 39. Qxd4
{[%clk 00:00:01]} Qxf1 {[%clk 00:36:57]} 40. a4 {[%clk 00:00:01]} f3 {[%clk
00:36:53]} 41. gxf3 {[%clk 00:00:01]} exf3 {[%clk 00:36:53]} 0-1

[Event "2021 US Open 4-Day Schedule"]
[Site "Crowne Plaza Cherry Hill, United States"]
[Date "????.??.??"]
[Round "5.3"]
[White "Kumar, Aravind"]
[Black "Moradiabadi, Elshan"]
[Result "0-1"]
[TimeControl "G/60;d5"]
[BlackTitle "GM"]
[WhiteElo "2354"]
[BlackElo "2649"]

1. d4 {[%clk 00:57:34]} Nf6 {[%clk 01:00:00]} 2. c4 {[%clk 00:57:19]} {[%emt
00:00:13]} e6 {[%clk 01:00:00]} {[%emt 00:00:29]} 3. Nc3 {[%clk 00:57:18]}
{[%emt 00:00:25]} Bb4 {[%clk 01:00:00]} 4. f3 {[%clk 00:57:18]} c5 {[%clk
01:00:00]} 5. d5 {[%clk 00:57:18]} O-O {[%clk 01:00:00]} 6. e4 {[%clk
00:57:18]} d6 {[%clk 01:00:00]} {[%emt 00:00:21]} 7. Nge2 {[%clk 00:55:18]}
{[%emt 00:01:17]} b5 {[%clk 01:00:00]} 8. Nf4 {[%clk 00:55:17]} {[%emt
00:00:18]} exd5 {[%clk 01:00:00]} 9. cxd5 {[%clk 00:52:38]} {[%emt 00:02:52]}
a6 {[%clk 00:59:10]} {[%emt 00:00:51]} 10. a4 {[%clk 00:43:45]} {[%emt
00:08:58]} bxa4 {[%clk 00:58:16]} {[%emt 00:00:48]} 11. Qxa4 {[%clk 00:38:59]}
{[%emt 00:04:51]} Nbd7 {[%clk 00:57:32]} {[%emt 00:00:52]} 12. Be3 {[%clk
00:38:59]} {[%emt 00:00:09]} Re8 {[%clk 00:55:31]} {[%emt 00:02:05]} 13. Kf2
{[%clk 00:37:48]} {[%emt 00:01:10]} Ne5 {[%clk 00:53:24]} {[%emt 00:02:12]} 14.
Be2 {[%clk 00:34:01]} {[%emt 00:03:50]} Bxc3 {[%clk 00:45:15]} {[%emt
00:08:52]} 15. bxc3 {[%clk 00:34:00]} Neg4+ {[%clk 00:45:15]} 16. fxg4 {[%clk
00:26:13]} {[%emt 00:07:34]} Nxe4+ {[%clk 00:45:15]} 17. Kf3 {[%clk 00:11:42]}
{[%emt 00:14:26]} Bd7 {[%clk 00:42:00]} {[%emt 00:03:39]} 18. Qc2 {[%clk
00:10:16]} {[%emt 00:01:44]} Qf6 {[%clk 00:42:00]} 19. Bd3 {[%clk 00:08:08]}
{[%emt 00:01:43]} Ng5+ {[%clk 00:41:51]} {[%emt 00:00:26]} 20. Kf2 {[%clk
00:07:33]} {[%emt 00:00:28]} Rxe3 {[%clk 00:41:51]} {[%emt 00:00:08]} 21. Kxe3
{[%clk 00:07:33]} Re8+ {[%clk 00:41:51]} {[%emt 00:00:08]} 22. Ne6 {[%clk
00:06:51]} {[%emt 00:01:06]} fxe6 {[%clk 00:41:29]} {[%emt 00:00:14]} 23. Rhf1
{[%clk 00:05:20]} {[%emt 00:01:47]} exd5+ {[%clk 00:39:38]} {[%emt 00:01:33]}
24. Kd2 {[%clk 00:05:20]} {[%emt 00:00:18]} Qh6 {[%clk 00:39:38]} 25. Kc1
{[%clk 00:04:26]} {[%emt 00:01:06]} c4 {[%clk 00:37:30]} {[%emt 00:02:12]} 26.
Bf5 {[%clk 00:04:08]} {[%emt 00:00:07]} Ne4+ {[%clk 00:37:30]} {[%emt
00:00:07]} 27. Kb2 {[%clk 00:03:34]} {[%emt 00:00:32]} Rb8+ {[%clk 00:30:27]}
{[%emt 00:07:10]} 28. Ka2 {[%clk 00:03:34]} {[%emt 00:00:07]} Bxf5 {[%clk
00:30:21]} {[%emt 00:00:06]} 29. Rxf5 {[%clk 00:03:12]} {[%emt 00:01:01]} Qe3
{[%clk 00:30:21]} 30. Rb1 {[%clk 00:02:29]} {[%emt 00:00:17]} Rxb1 {[%clk
00:30:14]} {[%emt 00:00:10]} 31. Kxb1 {[%clk 00:02:29]} {[%emt 00:00:08]} Nxc3+
{[%clk 00:30:01]} {[%emt 00:00:12]} 32. Kb2 {[%clk 00:01:44]} {[%emt 00:00:48]}
Nb5 {[%clk 00:28:31]} {[%emt 00:02:12]} 33. Qf2 {[%clk 00:00:34]} {[%emt
00:00:47]} Qa3+ {[%clk 00:24:30]} {[%emt 00:04:26]} 34. Kc2 {[%clk 00:00:31]}
Qa2+ {[%clk 00:24:04]} {[%emt 00:00:19]} 35. Kc1 {[%clk 00:00:31]} {[%emt
00:00:07]} Qa1+ {[%clk 00:23:47]} {[%emt 00:00:13]} 36. Kd2 {[%clk 00:00:31]}
{[%emt 00:00:20]} Qb2+ {[%clk 00:23:22]} {[%emt 00:00:11]} 37. Ke3 {[%clk
00:00:21]} {[%emt 00:00:35]} Qd4+ {[%clk 00:20:19]} {[%emt 00:02:47]} 38. Kf3
{[%clk 00:00:20]} {[%emt 00:00:19]} Qd3+ {[%clk 00:19:58]} {[%emt 00:00:13]} 39.
Kf4 {[%clk 00:00:20]} {[%emt 00:00:13]} Nd4 {[%clk 00:18:24]} {[%emt 00:01:31]}
40. Qe1 {[%clk 00:00:15]} {[%emt 00:00:13]} h6 {[%clk 00:17:26]} {[%emt
00:01:08]} 41. Qe8+ {[%clk 00:00:04]} {[%emt 00:00:07]} Kh7 {[%clk 00:17:26]}
{[%emt 00:00:23]} 42. Qf7 {[%clk 00:00:02]} Ne2# 0-1

[Event "2021 US Open 4-Day Schedule"]
[Site "Crowne Plaza Cherry Hill, United States"]
[Date "????.??.??"]
[Round "5.4"]
[White "Akobian, Varuzhan"]
[Black "Rama, Tejas"]
[Result "1-0"]
[TimeControl "G/60;d5"]
[WhiteTitle "GM"]
[BlackTitle "FM"]
[WhiteElo "2678"]
[BlackElo "2299"]

1. d4 {[%clk 00:58:49]} {[%emt 00:01:17]} Nf6 {[%clk 00:59:51]} {[%emt
00:00:25]} 2. c4 {[%clk 00:58:07]} {[%emt 00:00:24]} g6 {[%clk 00:59:44]}
{[%emt 00:00:34]} 3. Nc3 {[%clk 00:57:46]} {[%emt 00:00:23]} d5 {[%clk
00:59:44]} {[%emt 00:00:32]} 4. Nf3 {[%clk 00:57:04]} {[%emt 00:00:16]} Bg7
{[%clk 00:59:41]} {[%emt 00:00:28]} 5. h4 {[%clk 00:56:16]} {[%emt 00:00:55]}
Bf5 {[%clk 00:55:36]} {[%emt 00:04:21]} 6. h5 {[%clk 00:50:04]} {[%emt
00:05:59]} O-O {[%clk 00:51:08]} {[%emt 00:04:16]} 7. hxg6 {[%clk 00:49:24]}
{[%emt 00:00:57]} hxg6 {[%clk 00:50:12]} {[%emt 00:00:48]} 8. cxd5 {[%clk
00:44:49]} {[%emt 00:04:57]} Nxd5 {[%clk 00:49:31]} {[%emt 00:00:28]} 9. Ng5
{[%clk 00:44:22]} {[%emt 00:00:34]} Nxc3 {[%clk 00:46:31]} {[%emt 00:03:44]} 10.
bxc3 {[%clk 00:44:22]} e5 {[%clk 00:41:14]} {[%emt 00:05:00]} 11. e4 {[%clk
00:44:13]} {[%emt 00:00:12]} Bc8 {[%clk 00:29:20]} {[%emt 00:11:45]} 12. d5
{[%clk 00:41:25]} {[%emt 00:02:53]} Re8 {[%clk 00:25:30]} {[%emt 00:04:49]} 13.
Qf3 {[%clk 00:39:05]} {[%emt 00:01:48]} f6 {[%clk 00:23:12]} {[%emt 00:02:07]}
14. Ne6 {[%clk 00:38:20]} {[%emt 00:00:49]} Rxe6 {[%clk 00:21:48]} {[%emt
00:01:27]} 15. dxe6 {[%clk 00:38:13]} {[%emt 00:00:35]} Bxe6 {[%clk 00:21:44]}
16. Qg3 {[%clk 00:35:22]} {[%emt 00:03:19]} Qe8 {[%clk 00:16:53]} {[%emt
00:04:25]} 17. Be2 {[%clk 00:32:36]} {[%emt 00:03:31]} Nd7 {[%clk 00:15:00]}
{[%emt 00:01:20]} 18. Bh6 {[%clk 00:29:29]} {[%emt 00:03:20]} Qf7 {[%clk
00:14:09]} {[%emt 00:01:19]} 19. Bxg7 {[%clk 00:28:10]} {[%emt 00:00:50]} Qxg7
{[%clk 00:13:51]} {[%emt 00:00:30]} 20. Qe3 {[%clk 00:22:40]} {[%emt 00:05:37]}
b6 {[%clk 00:12:17]} {[%emt 00:01:27]} 21. a3 {[%clk 00:22:13]} {[%emt
00:00:45]} Kf7 {[%clk 00:10:33]} {[%emt 00:01:47]} 22. Bb5 {[%clk 00:18:33]}
{[%emt 00:03:36]} Rh8 {[%clk 00:08:38]} {[%emt 00:02:31]} 23. O-O-O {[%clk
00:17:09]} {[%emt 00:01:16]} Rxh1 {[%clk 00:07:48]} {[%emt 00:00:50]} 24. Rxh1
{[%clk 00:17:09]} g5 {[%clk 00:07:21]} {[%emt 00:00:19]} 25. Qe2 {[%clk
00:16:21]} {[%emt 00:00:56]} Ke7 {[%clk 00:05:39]} {[%emt 00:01:43]} 26. Bxd7
{[%clk 00:14:03]} {[%emt 00:02:41]} Bxd7 {[%clk 00:04:50]} {[%emt 00:00:35]} 27.
Qc4 {[%clk 00:12:28]} {[%emt 00:01:41]} Kd8 {[%clk 00:04:00]} {[%emt 00:00:56]}
28. Qd5 {[%clk 00:12:17]} {[%emt 00:00:30]} a5 {[%clk 00:03:08]} {[%emt
00:00:55]} 29. Kb2 {[%clk 00:11:19]} {[%emt 00:00:52]} c6 {[%clk 00:02:41]}
{[%emt 00:00:33]} 30. Qd6 {[%clk 00:11:14]} {[%emt 00:00:07]} Kc8 {[%clk
00:02:41]} 31. c4 {[%clk 00:10:33]} {[%emt 00:00:47]} Qg8 {[%clk 00:01:49]}
{[%emt 00:01:00]} 32. Kc3 {[%clk 00:08:43]} {[%emt 00:02:07]} b5 {[%clk
00:01:08]} {[%emt 00:00:31]} 33. cxb5 {[%clk 00:08:39]} {[%emt 00:00:09]} cxb5
{[%clk 00:01:08]} {[%emt 00:00:43]} 34. Kb2 {[%clk 00:07:43]} {[%emt 00:00:19]}
Qd8 {[%clk 00:00:24]} {[%emt 00:01:01]} 35. Rc1+ {[%clk 00:07:03]} {[%emt
00:00:53]} Kb7 {[%clk 00:00:24]} 36. Rd1 {[%clk 00:06:57]} Kc8 {[%clk
00:00:24]} 37. Qa6+ {[%clk 00:06:35]} {[%emt 00:00:23]} Kc7 {[%clk 00:00:03]}
{[%emt 00:00:25]} 38. Qxa5+ {[%clk 00:06:30]} {[%emt 00:00:18]} Kc8 {[%clk
00:00:03]} 39. Rc1+ {[%clk 00:06:26]} {[%emt 00:00:07]} 1-0

[Event "2021 US Open 4-Day Schedule"]
[Site "Crowne Plaza Cherry Hill, United States"]
[Date "????.??.??"]
[Round "5.5"]
[White "Lee, Justin"]
[Black "Shabalov, Alexander"]
[Result "1/2-1/2"]
[TimeControl "G/60;d5"]
[BlackTitle "GM"]
[WhiteElo "2272"]
[BlackElo "2624"]

1. d4 {[%clk 00:59:58]} d5 {[%clk 00:59:54]} 2. c4 {[%clk 00:59:57]} {[%emt
00:00:11]} e6 {[%clk 00:59:54]} 3. Nc3 {[%clk 00:59:55]} {[%emt 00:00:17]} Bb4
{[%clk 00:59:54]} 4. cxd5 {[%clk 00:59:03]} {[%emt 00:01:00]} exd5 {[%clk
00:59:51]} 5. Bf4 {[%clk 00:57:37]} {[%emt 00:01:35]} Nf6 {[%clk 00:59:08]}
{[%emt 00:00:37]} 6. e3 {[%clk 00:57:18]} {[%emt 00:00:25]} O-O {[%clk
00:58:53]} {[%emt 00:00:47]} 7. Bd3 {[%clk 00:56:37]} {[%emt 00:00:20]} c5
{[%clk 00:58:19]} {[%emt 00:00:38]} 8. Nge2 {[%clk 00:55:06]} {[%emt 00:01:36]}
Nc6 {[%clk 00:57:18]} {[%emt 00:01:08]} 9. a3 {[%clk 00:53:44]} {[%emt
00:01:25]} cxd4 {[%clk 00:52:50]} {[%emt 00:04:32]} 10. axb4 {[%clk 00:52:32]}
{[%emt 00:01:19]} dxc3 {[%clk 00:52:49]} {[%emt 00:00:08]} 11. bxc3 {[%clk
00:52:28]} {[%emt 00:00:05]} Bg4 {[%clk 00:49:18]} {[%emt 00:03:36]} 12. O-O
{[%clk 00:49:06]} {[%emt 00:03:35]} Re8 {[%clk 00:48:49]} {[%emt 00:00:27]} 13.
Bb5 {[%clk 00:46:08]} {[%emt 00:03:19]} Nh5 {[%clk 00:43:12]} {[%emt 00:05:26]}
14. Bg3 {[%clk 00:36:26]} {[%emt 00:09:48]} Nxg3 {[%clk 00:39:51]} {[%emt
00:03:33]} 15. hxg3 {[%clk 00:36:19]} {[%emt 00:00:06]} Qf6 {[%clk 00:39:03]}
{[%emt 00:00:59]} 16. Bxc6 {[%clk 00:33:23]} {[%emt 00:03:00]} Qxc6 {[%clk
00:34:48]} {[%emt 00:04:14]} 17. Nd4 {[%clk 00:32:01]} {[%emt 00:01:28]} Qg6
{[%clk 00:34:41]} {[%emt 00:00:25]} 18. Qd2 {[%clk 00:30:10]} {[%emt 00:02:14]}
Qh6 {[%clk 00:32:37]} {[%emt 00:01:51]} 19. Ra5 {[%clk 00:27:32]} {[%emt
00:02:27]} Re5 {[%clk 00:32:05]} {[%emt 00:00:36]} 20. Rfa1 {[%clk 00:25:53]}
{[%emt 00:01:45]} Rh5 {[%clk 00:27:09]} {[%emt 00:05:36]} 21. f3 {[%clk
00:25:31]} {[%emt 00:00:07]} Bd7 {[%clk 00:22:21]} {[%emt 00:04:40]} 22. Kf2
{[%clk 00:22:34]} {[%emt 00:03:18]} a6 {[%clk 00:21:54]} {[%emt 00:00:25]} 23.
Ne2 {[%clk 00:19:18]} {[%emt 00:03:15]} Re8 {[%clk 00:21:13]} {[%emt 00:00:40]}
24. Nf4 {[%clk 00:18:10]} {[%emt 00:01:15]} Rhe5 {[%clk 00:21:03]} {[%emt
00:00:19]} 25. Rxd5 {[%clk 00:17:17]} {[%emt 00:01:02]} Rxd5 {[%clk 00:20:57]}
{[%emt 00:00:34]} 26. Qxd5 {[%clk 00:17:03]} Bc6 {[%clk 00:20:53]} 27. Qd4
{[%clk 00:16:20]} {[%emt 00:00:55]} Qg5 {[%clk 00:20:35]} {[%emt 00:00:13]} 28.
Rd1 {[%clk 00:16:03]} {[%emt 00:00:43]} h6 {[%clk 00:20:15]} {[%emt 00:00:08]}
29. e4 {[%clk 00:15:30]} {[%emt 00:00:48]} a5 {[%clk 00:19:46]} {[%emt
00:00:29]} 30. bxa5 {[%clk 00:14:29]} {[%emt 00:00:56]} Qxa5 {[%clk 00:19:38]}
{[%emt 00:00:49]} 31. Kg1 {[%clk 00:13:53]} {[%emt 00:01:33]} Rc8 {[%clk
00:18:54]} 32. Kh2 {[%clk 00:13:01]} {[%emt 00:00:19]} Re8 {[%clk 00:12:11]}
{[%emt 00:06:47]} 33. c4 {[%clk 00:11:05]} {[%emt 00:02:10]} Qe5 {[%clk
00:10:22]} {[%emt 00:01:47]} 34. Qxe5 {[%clk 00:10:10]} {[%emt 00:02:32]} Rxe5
{[%clk 00:10:21]} 35. Rd8+ {[%clk 00:09:44]} Kh7 {[%clk 00:10:21]} 36. g4
{[%clk 00:08:39]} {[%emt 00:00:18]} g6 {[%clk 00:08:14]} {[%emt 00:02:39]} 37.
Nd5 {[%clk 00:07:25]} {[%emt 00:01:09]} Kg7 {[%clk 00:07:56]} {[%emt 00:00:20]}
38. Kg3 {[%clk 00:07:17]} Re6 {[%clk 00:06:17]} {[%emt 00:01:41]} 39. Kf4
{[%clk 00:07:05]} {[%emt 00:00:16]} g5+ {[%clk 00:04:03]} {[%emt 00:02:19]} 40.
Kf5 {[%clk 00:04:32]} {[%emt 00:02:39]} Ba4 {[%clk 00:03:51]} {[%emt 00:00:21]}
41. Ne3 {[%clk 00:03:26]} {[%emt 00:02:10]} Re7 {[%clk 00:02:54]} 42. e5 {[%clk
00:03:04]} {[%emt 00:00:30]} Bd7+ {[%clk 00:02:24]} {[%emt 00:00:40]} 43. Ke4
{[%clk 00:02:55]} {[%emt 00:00:06]} f6 {[%clk 00:02:24]} {[%emt 00:00:04]} 44.
Kd4 {[%clk 00:02:30]} {[%emt 00:00:26]} fxe5+ {[%clk 00:02:07]} {[%emt
00:00:36]} 45. Kd5 {[%clk 00:02:16]} {[%emt 00:00:19]} Kf7 {[%clk 00:00:42]}
{[%emt 00:02:01]} 46. Kd6 {[%clk 00:02:05]} Bc6 {[%clk 00:00:27]} 47. Nf5
{[%clk 00:01:16]} {[%emt 00:00:44]} Re6+ {[%clk 00:00:27]} {[%emt 00:00:20]} 48.
Kc5 {[%clk 00:01:16]} e4 {[%clk 00:00:27]} 49. fxe4 {[%clk 00:01:10]} {[%emt
00:00:22]} Bxe4 {[%clk 00:00:15]} 50. Nd6+ {[%clk 00:00:46]} {[%emt 00:00:40]}
Kg6 {[%clk 00:00:15]} 51. Nxe4 {[%clk 00:00:29]} {[%emt 00:00:43]} Rxe4 {[%clk
00:00:15]} 52. Rd6+ {[%clk 00:00:28]} Kf7 {[%clk 00:00:15]} 53. Rd7+ {[%clk
00:00:28]} Ke6 {[%clk 00:00:15]} {[%emt 00:00:03]} 54. Rxb7 {[%clk 00:00:28]}
Rxg4 {[%clk 00:00:15]} 55. Rb6+ {[%clk 00:00:28]} Kd7 {[%clk 00:00:15]} 56.
Rxh6 {[%clk 00:00:25]} {[%emt 00:00:12]} Rxg2 {[%clk 00:00:15]} 1/2-1/2

[Event "2021 US Open 4-Day Schedule"]
[Site "Crowne Plaza Cherry Hill, United States"]
[Date "????.??.??"]
[Round "5.6"]
[White "Rosenthal, Nicholas"]
[Black "Fedorowicz, John"]
[Result "1/2-1/2"]
[TimeControl "G/60;d5"]
[WhiteElo "2240"]
[BlackElo "2445"]

1. e4 {[%clk 00:59:49]} c5 {[%clk 00:59:40]} {[%emt 00:00:32]} 2. Nf3 {[%clk
00:59:47]} d6 {[%clk 00:59:19]} {[%emt 00:01:03]} 3. Bb5+ {[%clk 00:59:45]} Bd7
{[%clk 00:58:54]} {[%emt 00:00:13]} 4. Bxd7+ {[%clk 00:59:36]} {[%emt
00:00:17]} Nxd7 {[%clk 00:58:51]} 5. O-O {[%clk 00:58:41]} {[%emt 00:01:35]}
Ngf6 {[%clk 00:58:26]} 6. Re1 {[%clk 00:58:28]} {[%emt 00:00:19]} e6 {[%clk
00:57:36]} {[%emt 00:01:06]} 7. c4 {[%clk 00:57:38]} {[%emt 00:00:28]} Ne5
{[%clk 00:56:06]} {[%emt 00:01:36]} 8. d4 {[%clk 00:53:17]} {[%emt 00:04:25]}
Nxf3+ {[%clk 00:55:55]} {[%emt 00:00:24]} 9. gxf3 {[%clk 00:53:17]} cxd4 {[%clk
00:55:41]} {[%emt 00:00:24]} 10. Qxd4 {[%clk 00:53:16]} {[%emt 00:00:22]} a6
{[%clk 00:51:12]} {[%emt 00:04:17]} 11. Nc3 {[%clk 00:53:10]} {[%emt 00:00:06]}
Rc8 {[%clk 00:49:32]} {[%emt 00:01:47]} 12. Be3 {[%clk 00:49:30]} {[%emt
00:03:57]} Qa5 {[%clk 00:45:52]} {[%emt 00:03:41]} 13. Ne2 {[%clk 00:41:32]}
{[%emt 00:07:51]} Be7 {[%clk 00:44:07]} {[%emt 00:01:48]} 14. Red1 {[%clk
00:36:52]} {[%emt 00:04:47]} O-O {[%clk 00:42:56]} {[%emt 00:01:20]} 15. Bd2
{[%clk 00:28:47]} {[%emt 00:08:06]} Qc7 {[%clk 00:41:23]} {[%emt 00:02:29]} 16.
Rac1 {[%clk 00:28:24]} Rfd8 {[%clk 00:40:51]} {[%emt 00:00:48]} 17. b3 {[%clk
00:27:04]} {[%emt 00:01:39]} Qc6 {[%clk 00:37:19]} {[%emt 00:02:49]} 18. Bc3
{[%clk 00:25:00]} {[%emt 00:02:11]} b5 {[%clk 00:36:33]} {[%emt 00:00:48]} 19.
Ba5 {[%clk 00:24:20]} {[%emt 00:01:05]} Re8 {[%clk 00:36:29]} 20. Bb4 {[%clk
00:23:09]} {[%emt 00:01:06]} bxc4 {[%clk 00:30:41]} {[%emt 00:06:17]} 21. Rxc4
{[%clk 00:22:35]} {[%emt 00:00:25]} Qb5 {[%clk 00:29:48]} {[%emt 00:00:48]} 22.
Bxd6 {[%clk 00:14:09]} {[%emt 00:08:37]} Bxd6 {[%clk 00:29:43]} {[%emt
00:00:05]} 23. Qxd6 {[%clk 00:13:34]} {[%emt 00:00:56]} Rxc4 {[%clk 00:29:42]}
24. bxc4 {[%clk 00:13:28]} {[%emt 00:00:17]} Qxc4 {[%clk 00:29:42]} 25. Rd2
{[%clk 00:13:22]} {[%emt 00:00:07]} h5 {[%clk 00:28:32]} {[%emt 00:01:25]} 26.
Kg2 {[%clk 00:12:57]} {[%emt 00:00:45]} Rc8 {[%clk 00:24:40]} {[%emt 00:03:22]}
27. Qb6 {[%clk 00:09:06]} {[%emt 00:04:36]} e5 {[%clk 00:22:00]} {[%emt
00:02:10]} 28. Qd6 {[%clk 00:07:12]} {[%emt 00:02:35]} Re8 {[%clk 00:20:43]}
{[%emt 00:00:42]} 29. h4 {[%clk 00:06:46]} {[%emt 00:00:49]} Re6 {[%clk
00:19:52]} {[%emt 00:00:42]} 1/2-1/2